15 stanów USA o największej liczbie hrabstw - Statystyki

Ogólne statystyki
  • Ten quiz został rozwiązany 244 razy
  • Średni wynik to 8 z 15
Statystyki odpowiedzi
Liczba hrabstw Stan % Poprawnych
254 Teksas
91%
88 Ohio
65%
100 Karolina Północna
61%
83 Michigan
61%
160 Georgia
59%
95 Wirginia
56%
102 Illinois
54%
92 Indiana
53%
105 Kansas
52%
120 Kentucky
50%
115 Missouri
50%
87 Minnesota
48%
93 Nebraska
48%
95 Tennessee
47%
99 Iowa
46%
Nie znaleziono quizów pasujących do podanych kryteriów
Rozkład punktacji
Procent ludzi z każdym wynikiem
Percentyl według liczby udzielonych odpowiedzi
Twoja historia wyników
Nie rozwiązałeś tego quizu